Proyecto de Código de comercio. (Record no. 153802)

MARC details
000 -LEADER
campo de control de longitud fija 00626nam a22001935i 4500
001 - NÚMERO DE CONTROL
campo de control 153802
003 - IDENTIFICADOR DE NÚMERO DE CONTROL
campo de control ES-MaACL
005 - FECHA Y HORA DE LA ÚLTIMA TRANSACCIÓN
campo de control 20250827062634.0
008 - DATOS DE LONGITUD FIJA--INFORMACIÓN GENERAL
campo de control de longitud fija 950223s1882 sp |||| | spa d
040 ## - FUENTE DE CATALOGACIÓN
Centro catalogador/agencia de origen CAM
Lengua de catalogación spa
Centro/agencia transcriptor CCPB | SIC
110 1# - ENTRADA PRINCIPAL--NOMBRE DE ENTIDAD CORPORATIVA
Nombre de entidad corporativa o nombre de jurisdicción como elemento de entrada España
9 (RLIN) 3622
240 10 - TÍTULO UNIFORME
Título uniforme [Código de comercio (
Fecha de la firma de un tratado 1882])
245 10 - MENCIÓN DEL TÍTULO
Título Proyecto de Código de comercio.
260 ## - PUBLICACIÓN, DISTRIBUCIÓN, ETC.
Lugar de publicación, distribución, etc. Madrid :
Nombre del editor, distribuidor, etc. [s.n.],
Fecha de publicación, distribución, etc. 1882 (
Fabricante Imp. del Ministerio de Gracia y Justicia)
300 ## - DESCRIPCIÓN FÍSICA
Extensión CCVIII, 229 p. ;
Dimensiones 23 cm.
710 00 - ENTRADA AGREGADA--NOMBRE DE ENTIDAD CORPORATIVA
Nombre de entidad corporativa o nombre de jurisdicción como elemento de entrada España.
Unidad subordinada Ministerio de Gracia y Justicia,
Término indicativo de función/relación
9 (RLIN) 3873
852 ## - LOCALIZACIÓN
Ubicación ES-MaACL
Número de control de estantería G-15021
Nota libre -- Enc. hol.
Holdings
Estatus retirado Estado de pérdida Estado de daño No para préstamo Colección Biblioteca de origen Biblioteca actual Ubicación en estantería Fecha de adquisición Fuente de adquisición Total de préstamos Signatura topográfica completa Código de barras Visto por última vez Precio de reemplazo Tipo de ítem Koha
        Libros del s. XIX Biblioteca del Ateneo de Madrid Biblioteca del Ateneo de Madrid Sala Pecera Planta 3 17/01/2008     G-15021 1160799 23/02/2023 23/02/2023 Libro impreso antiguo